| 000 | 00727nam a2200229 a 4500 | ||
|---|---|---|---|
| 003 | MX-MxUPN | ||
| 005 | 20240919161917.0 | ||
| 008 | 190604s2005 cl r 000 0 spa d | ||
| 035 | _aUPN01000230940 | ||
| 040 |
_aMX-MxUPN _bspa _cMX-MxUPN |
||
| 041 | 0 | _aspa | |
| 050 | 1 | 4 |
_aLB3060.82 _bV35 2005 |
| 100 | 1 |
_aValverde, Gilbert A. _953632 |
|
| 245 | 1 | 3 | _aEl movimiento a favor de los estándares en los Estados Unidos |
| 260 |
_aSantiago, Chile : _bPrograma de Promoción de la Reforma Educativa en América Latina y el Caribe, _c2005. |
||
| 300 | _a16 páginas | ||
| 490 | 0 |
_aDocumentos ; _v32 |
|
| 650 | 4 |
_aEducación _xEstándares _953636 |
|
| 902 | _bVíctor Ruiz/190924 | ||
| 942 |
_2lcc _cFOLL |
||
| 999 |
_c203035 _d203035 |
||